[Event "SRB-ch Men Semifinal 2019"]
[Site "Kragujevac"]
[Date "2019.03.10"]
[Round "5.5"]
[White "Damljanovic, Branko"]
[Black "Ivic, Velimir"]
[Result "0-1"]
[WhiteElo "2495"]
[BlackElo "2487"]
[Annotator "TA"]
[PlyCount "92"]
[EventDate "2019.03.08"]
[EventType "swiss"]
[EventCountry "SRB"]
[SourceTitle "playchess.com"]
[Source "ChessBase"]
[SourceQuality "1"]

{[%evp 21,92,18,18,12,21,27,153,95,88,14,20,18,19,23,23,13,39,32,51,38,32,29,31,43,40,0,0,0,0,0,0,0,0,0,0,0,0,-46,-54,-58,-54,-82,-44,-51,-6,-8,-8,-23,-7,-7,-7,-8,-14,-8,-15,-434,-435,-434,-425,-418,0,0,0,-412,-411,-412,-421,-404,-410,-4586,-3821,-4614,-936]} 1. d4 Nf6 2. c4 g6 3. Nc3 d5 4. cxd5 Nxd5 5. e4 Nxc3 6. bxc3 Bg7 7. Bc4 c5 8. Ne2 Nc6 9. Be3 O-O 10. O-O Na5 11. Bd3 b6 12. Rb1 {D87: Exchange Grünfeld: Classical Line: Variations without ...cxd4} (12. Rc1 e5 13. dxc5 Be6 14. c4 bxc5 15. Bxc5 Bh6 16. Rc3 Re8 17. Qc2 Qc7 18. Ba3 Rab8 19. h3 Red8 20. Bc1 {1-0 (70) Aronian,L (2764)-Mamedyarov,S (2808) Stavanger 2018}) 12... e5 {[%cal Re5d4]} 13. dxc5 Rb8 (13... Be6 $11 {remains equal.}) 14. Qc2 (14. cxb6 $142 axb6 15. Bc5) 14... Be6 $146 ({Predecessor:} 14... Qc7 15. Rb2 {1-0 (15) Avramidou,A (2242)-Uzumcu,A (2048) Albena 2015}) 15. Nc1 ({White should play} 15. c4 $16) 15... Qc7 $11 16. Nb3 Nc4 17. Bxc4 Bxc4 18. Rfd1 Rfc8 19. Nd2 Be6 20. cxb6 axb6 21. c4 Bxc4 22. Nxc4 b5 23. Na3 {And now Qxc7 would win.} (23. a4 {is more complex.} bxc4 24. Rxb8 Rxb8 25. Rc1 Rc8 26. Qc3) 23... Qxc2 24. Nxc2 Rxc2 25. a4 b4 26. g3 {Threatens to win with Rxb4!} Bf8 27. Rd5 Ra2 28. Rb5 Ra8 29. Bc5 Bxc5 30. Rxc5 R8xa4 31. Rxe5 $15 {[%mdl 4096] Endgame KRR-KRR} Re2 32. Rb3 $1 Raa2 33. Rf3 {[#]} f5 $1 {[%mdl 512]} 34. Rb5 (34. exf5 Rxe5) 34... fxe4 35. Rb8+ Kg7 36. Rb7+ Kh6 37. Rff7 e3 {[%cal Re3f2]} 38. Rxh7+ $2 {[%mdl 8192]} (38. h4 $11 {and White stays safe.} Kh5 39. Rxb4 (39. Rxh7+ {gets mated.} Kg4 40. Rxb4+ Kh3 41. Rb1 Rxf2 42. h5 Rg2+ {[%mdl 64] Double Attack} 43. Kh1 Rh2+ 44. Kg1 Rag2+ {[%mdl 64] Double Attack} 45. Kf1 Rh1#)) 38... Kg5 $19 39. Rb5+ Kf6 40. Rb6+ Kg5 41. Rb5+ $1 Kf6 42. Rb6+ {[#]} Ke5 $1 43. Re7+ Kd5 44. Kg2 Re1 ({Don't play} 44... Rxf2+ 45. Kh3 $19) 45. Rb5+ (45. Rf7 $142 Rea1 46. Rxb4) 45... Kc4 46. Reb7 Rb2 {Accuracy: White = 60%, Black = 51%.} (46... Rb1 $142 47. Kf3 exf2 48. Rxb4+ Rxb4 49. Rc7+ Kd4 50. Rd7+ Ke5) 0-1

[Event "SRB-ch Men Semifinal 2019"]
[Site "Kragujevac"]
[Date "2019.03.10"]
[Round "5.6"]
[White "Radovanovic, Mihajlo"]
[Black "Savic, Miodrag R"]
[Result "1-0"]
[WhiteElo "2483"]
[BlackElo "2497"]
[Annotator "TA"]
[PlyCount "133"]
[EventDate "2019.03.08"]
[EventType "swiss"]
[EventCountry "SRB"]
[SourceTitle "playchess.com"]
[Source "ChessBase"]
[SourceQuality "1"]

{[%evp 12,133,6,14,7,6,22,19,36,27,27,21,33,26,37,45,37,44,89,108,105,95,135,150,140,146,202,190,281,153,166,154,158,100,101,103,125,125,133,80,81,79,80,88,103,113,368,368,368,392,366,361,381,358,379,382,363,356,372,352,342,343,339,319,316,317,340,344,437,424,445,434,443,442,427,423,479,479,579,567,572,567,594,486,523,521,512,522,523,505,514,500,523,500,552,551,569,569,584,572,590,585,593,589,580,586,585,580,870,866,813,711,752,750,733,697,910,912,837,817,1311,1188,1153,1108]} 1. Nf3 Nf6 2. c4 e6 3. Nc3 Bb4 4. g3 b6 5. Bg2 Bb7 6. O-O O-O 7. d3 d5 {A17: English Opening: 1...Nf6 with ...Bb4} (7... Bxc3 8. bxc3 c5 9. e4 d6 10. Nh4 Nc6 11. f4 Qe7 12. Bd2 Rad8 13. Qe2 Rfe8 14. Rae1 Qc7 15. g4 Nd7 16. g5 Nf8 17. Rf3 d5 18. cxd5 exd5 {1-0 (50) Vachier Lagrave,M (2758)-Socko,B (2599) Berlin 2015}) 8. cxd5 exd5 9. Bf4 a6 {The position is equal.} 10. d4 $146 ({Predecessor:} 10. Rc1 Re8 11. a3 Bd6 12. d4 Qe7 13. Bg5 Nbd7 14. Bh3 Qf8 15. Nh4 {½-½ (27) Schlosser,P (2555)-Cioara,A (2415) Germany 2009}) 10... Nbd7 11. Rc1 Re8 12. Qb3 Bf8 13. Ne5 {Black must now prevent Nxf7!} Bd6 {[%cal Rd7e5]} 14. Nd3 Nf8 15. Bg5 {[%cal Rc3d5]} Ne6 16. Bxf6 $1 Qxf6 17. e3 (17. Nxd5 Bxd5 18. Qxd5 Nxd4 $17) 17... Ng5 18. Nf4 (18. Nxd5 Nf3+ 19. Kh1 Qf5 $15) 18... Qh6 (18... c6 $16 {might work better.}) 19. Ncxd5 $18 Rab8 (19... Rac8 $142 20. Nf6+ Qxf6 21. Bxb7 Rb8) 20. Qd1 (20. Nxc7 $18 Bxf4 21. Nxe8 (21. exf4 Nh3+ 22. Kh1 Re2 $18) 21... Bxg2 22. exf4 (22. gxf4 {gets mated.} Bf3 23. Qe6 fxe6 24. Nf6+ gxf6 25. Rfe1 Qh3 26. Rc8+ Rxc8 27. fxg5 Qg2#) 22... Bxf1 23. fxg5 Qxg5 24. Rxf1 Rxe8 25. Qxb6) 20... c5 $16 21. dxc5 Bxc5 22. Qh5 (22. Qg4 $142) 22... Qxh5 23. Nxh5 Kf8 24. Nhf4 a5 25. Nc3 ({Better is} 25. Rfd1) 25... Nf3+ 26. Kh1 g5 27. Nfd5 g4 28. Nf6 Re6 $2 {[%mdl 8192]} (28... Red8 $16) 29. Nd7+ $18 {[%mdl 64] [#] Double Attack} Ke7 30. Nxb8 Bd6 31. Nb5 Bxb8 32. Nd4 Rf6 33. Nxf3 {[%mdl 64] [#] Overworked Piece} gxf3 34. Bh3 Rh6 35. Bc8 Bd5 {Black hopes to continue with ...Bxg3.} 36. Rfd1 Bxa2 37. Bg4 Be5 38. Bxf3 Bb3 39. Rd2 a4 {If Black can now play ...Rd6 this consolidates a bit.} 40. Rc6 {White is clearly winning.} Rg6 41. Rxg6 hxg6 {[%mdl 4096] Endgame KRB-KB} 42. Bc6 Ke6 43. e4 g5 44. Kg2 g4 45. f3 gxf3+ 46. Kxf3 Bg7 47. h4 Bh6 48. Rd4 Ke5 49. Rb4 Bd1+ 50. Kg2 Be3 51. Bxa4 Bc5 52. Rc4 ({Less strong is} 52. Bxd1 Bxb4 53. Kf3 f6 $16) 52... Be2 53. Rc1 Bd4 54. Bc6 Bg4 55. b3 f6 56. Rh1 Be3 57. Ra1 Kd6 58. Bd5 f5 59. Ra8 f4 60. gxf4 Bxf4 61. Rg8 Bd1 62. Rg6+ Kc5 63. Rc6+ Kb5 64. Rf6 Be3 65. Rf1 Bc2 66. h5 Kc5 67. Rf6 {Accuracy: White = 83%, Black = 43%.} 1-0

[Event "SRB-ch Men Semifinal 2019"]
[Site "Kragujevac"]
[Date "2019.03.10"]
[Round "5.7"]
[White "Nestorovic, Nikola"]
[Black "Kovacevic, Aleksandar"]
[Result "0-1"]
[WhiteElo "2467"]
[BlackElo "2494"]
[Annotator "TA"]
[PlyCount "56"]
[EventDate "2019.03.08"]
[EventType "swiss"]
[EventCountry "SRB"]
[SourceTitle "playchess.com"]
[Source "ChessBase"]
[SourceQuality "1"]

{[%evp 20,56,49,20,16,10,31,0,3,-7,-4,0,0,10,28,-84,-86,-62,-78,-88,-90,-108,-91,-106,-64,-114,-129,-181,-198,-262,-89,-86,-81,-422,-214,-1068,-1058,-1396,-1347]} 1. e4 c5 2. Nf3 d6 3. d4 cxd4 4. Nxd4 Nf6 5. Nc3 a6 6. Be2 e6 7. f4 Be7 8. Be3 Nc6 9. Qd2 O-O 10. O-O-O Nxd4 11. Bxd4 b5 {B84: Sicilian Scheveningen: 6 Be2 a6, lines without early Be3} (11... Nd7 12. Bf3 b5 13. Qf2 b4 14. Na4 Rb8 15. Kb1 Re8 16. e5 d5 17. f5 Qa5 18. fxe6 fxe6 19. b3 Qc7 20. Qe3 Bf8 {½-½ (31) Ponomariov,R (2710)-Xu,Y (2470) Doha 2015}) 12. Bf3 b4 13. Na4 Rb8 {The position is equal.} 14. e5 $146 ({Predecessor:} 14. Qf2 Qa5 15. b3 Bb7 16. Rhe1 Rbc8 17. Kb1 e5 18. fxe5 dxe5 19. Bb2 {0-1 (39) Rakowiecki,T (2325)-Kozlowski,W (2285) Jachranka 1987}) 14... Nd5 $1 15. Kb1 Qa5 16. b3 Bb7 17. c4 (17. exd6 $11 {keeps the balance.} Bxd6 18. Qf2) 17... bxc3 $1 $17 18. Nxc3 Nb4 19. exd6 Bxd6 20. Bxb7 Rxb7 {[%cal Bb8b7,Bb7d7,Bd7e7,Be7e2][%mdl 32]} 21. g4 Be7 22. Qg2 Rd7 $1 23. Qe4 (23. Rd2 $17) 23... Rfd8 $19 24. f5 {[#]} (24. Rd2 $142) 24... exf5 $2 (24... Nxa2 $1 $19 {[%mdl 512] has better winning chances.} 25. Nxa2 {[#]} e5 $1 {[%mdl 512]}) 25. gxf5 $17 Nd5 26. Ne2 $2 {[%mdl 8192]} (26. Nxd5 $17 Qxd5 27. Qg4) 26... Bf6 (26... h6 $142 27. Rc1 Bf6 28. Bxf6 Nxf6) 27. Kb2 $2 (27. Bxf6 Nxf6 {[%mdl 64] Discovered Attack} 28. Qc2) 27... Re7 $19 28. Qf3 {[#]} Rxe2+ $1 {[%mdl 576] Remove Defender. Accuracy: White = 19%, Black = 37%.} 0-1

[Event "SRB-ch Men Semifinal 2019"]
[Site "Kragujevac"]
[Date "2019.03.10"]
[Round "5.8"]
[White "Zajic, Milan"]
[Black "Radovanovic, Nikola"]
[Result "1-0"]
[WhiteElo "2485"]
[BlackElo "2426"]
[Annotator "TA"]
[PlyCount "39"]
[EventDate "2019.03.08"]
[EventType "swiss"]
[EventCountry "SRB"]
[SourceTitle "playchess.com"]
[Source "ChessBase"]
[SourceQuality "1"]

{[%evp 10,39,59,51,55,64,60,39,47,41,64,50,62,47,61,50,54,56,274,271,279,278,264,262,391,359,703,682,1363,1354,2003,2006]} 1. e4 c5 2. Nf3 Nf6 3. e5 Nd5 4. Nc3 Nxc3 5. dxc3 Nc6 6. Bf4 Qc7 {B29: Sicilian: 2 Nf3 Nf6 (Nimzowitsch Variation)} (6... e6 7. Qd2 h6 8. h4 a6 9. h5 b5 10. a4 b4 11. Bd3 Bb7 12. Be4 Qc7 13. O-O bxc3 14. bxc3 Ne7 15. Bxb7 Qxb7 {1-0 (77) Carlsen,M (2835)-Popov,I (2592) St Petersburg 2018}) 7. Bd3 e6 8. Qd2 h6 {White is slightly better.} 9. h4 a6 $146 ({Predecessor:} 9... b6 10. O-O-O Bb7 11. Be4 O-O-O 12. h5 Na5 13. Rhe1 Bxe4 14. Rxe4 {½-½ (58) Moiseenko,A (2640)-Nataf,I (2553) Kapuskasing 2004}) 10. Be4 b5 11. a4 {[#] aiming for axb5.} Rb8 12. axb5 axb5 13. O-O g5 $2 (13... Be7 $14) 14. hxg5 $18 hxg5 15. Nxg5 Nxe5 {[#]} 16. Ra7 $1 {[%cal Ra7c7]} Qd6 (16... Qxa7 $142 17. Bxe5 Rg8) 17. Qe3 {Hoping for Qg3.} Bg7 $2 (17... Rh4 18. g3 Rxf4) 18. Qg3 {White is clearly winning.} Rg8 19. Bh7 Rf8 20. Ne4 {Accuracy: White = 67%, Black = 31%.} 1-0

[Event "SRB-ch Men Semifinal 2019"]
[Site "Kragujevac"]
[Date "2019.03.10"]
[Round "5.9"]
[White "Rabrenovic, Vladan"]
[Black "Milanovic, Danilo"]
[Result "1-0"]
[WhiteElo "2322"]
[BlackElo "2493"]
[Annotator "TA"]
[PlyCount "141"]
[EventDate "2019.03.08"]
[EventType "swiss"]
[EventCountry "SRB"]
[SourceTitle "playchess.com"]
[Source "ChessBase"]
[SourceQuality "1"]

{[%evp 9,141,53,62,50,59,35,29,8,18,10,12,11,12,0,10,12,33,30,43,29,41,34,37,36,43,42,40,42,36,0,31,0,0,-50,-19,-18,-13,-49,-20,-31,0,0,0,0,15,0,10,-14,-10,-6,22,14,4,4,6,16,18,0,0,-4,0,-6,-11,-11,-4,-22,-4,-22,-4,-22,-4,-27,-27,-22,-22,-27,-22,-24,0,-28,0,-27,0,-31,-27,-61,0,-57,0,-47,0,0,0,0,0,-43,43,0,0,0,0,0,-18,-7,-22,-34,0,0,0,0,0,0,280,265,963,955,962,955,946,908,905,904,854,841,29984,1264,29983,29984,29993,29994,29995,867,29996,29997]} 1. d4 Nf6 2. c4 c5 3. d5 b5 4. Nd2 b4 5. e4 d6 {LiveBook: 17 Games} 6. a3 {A57: Benko/Volga Gambit} (6. Ngf3 g6 7. b3 Bg7 8. Bb2 O-O 9. Bd3 e5 10. O-O Nh5 11. g3 Bg4 12. Be2 Bh3 13. Re1 a5 14. a4 Ra7 {1-0 (63) Kryakvin,D (2586)-Dobrov,V (2524) Taganrog 2013}) 6... bxa3 7. bxa3 g6 8. Bb2 {White has an edge.} Bg7 9. Bd3 O-O $146 ({Predecessor:} 9... Nbd7 10. f4 Rb8 11. Bc3 O-O 12. Ngf3 Nh5 13. Bxg7 Kxg7 {0-1 (30) Bourgeois Copigny,Y-Nicolas,C (1716) La Fere 2012}) 10. Ngf3 Nbd7 11. Qc2 Re8 12. O-O e5 13. Bc3 Nh5 14. g3 Rf8 15. Ne1 Ndf6 16. Ng2 Bh3 17. Rfb1 Nd7 18. Ne3 Bh6 19. Ndf1 Ng7 20. f3 f5 21. Ng2 {[%cal Be3g2,Bg2e1,Be1d3][%mdl 32]} f4 {White must now prevent ...fxg3.} 22. Be2 Bg5 23. Bd2 Bf6 24. Rb3 g5 25. Ne1 Be7 26. Nd3 Nf6 27. Nf2 ({Much worse is} 27. gxf4 gxf4 28. Nf2 Qc8 $15) 27... Bd7 28. a4 h5 29. a5 Qc7 30. Qb2 Rfb8 31. Rb1 Rxb3 32. Qxb3 Bc8 33. gxf4 gxf4 34. Bc3 Nd7 35. Nd2 Rb8 36. Qc2 Nf8 37. Bf1 Bh4 38. Nd3 Ng6 39. Rb2 Kf7 40. Qb1 Rxb2 41. Qxb2 Ne8 42. Qb5 Bd7 43. Qb1 Bc8 44. Qb5 Bd7 45. Qb1 Bc8 46. Be2 {[%cal Bf1e2,Be2d1,Bd1a4,Ba4b5][%mdl 32]} Nf6 47. Bd1 Nh7 (47... Bh3 $15) 48. Kf1 ({White should play} 48. Ba4 $11) 48... Ng5 (48... Bh3+ $15 49. Ke2 Qc8) 49. Ba4 Ba6 50. Ke2 {[%cal Bf1e2,Be2d1,Bd1c2,Bc2b3][%mdl 32]} Nh3 51. Bb5 Bc8 52. a6 Qe7 (52... Bd8 $15) 53. Qf1 Qg5 54. Kd1 Ng1 {Threatens to win with ...Bh3.} 55. Nf2 $1 Bxf2 56. Qxf2 Nh4 {[%cal Bg6h4,Bh4g2,Bg2e3][%mdl 32] ...Nhxf3! is the strong threat.} 57. Kc2 Ng2 {Threatening ...Nh3.} (57... Nh3 $5 {[%cal Rh3f2]} 58. Qe1 Ng2 $15) 58. Kb3 Ne3 59. Ba5 Nh3 60. Qe1 Qg2 $2 {[%mdl 8192] [#]} (60... Qf6 $11 {and Black stays safe.}) 61. Qh4 $1 $18 {[%cal Rh4d8] And now Qd8 would win.} Qe2 $2 (61... Ng5 62. Qxh5+ Kg7) 62. Qxh5+ Kg7 63. Be8 Qd1+ 64. Kb2 Qc2+ 65. Ka1 {Threatening mate with Qf7+.} Qc1+ {[#]} 66. Nb1 $1 {White threatens Qg6+ and mate.} Qg1 67. Qf7+ (67. Bd8 $142 Nxd5 68. cxd5 Qd4+ 69. Ka2 Qf2+ 70. Ka3 Qe3+ 71. Ka4 Qd4+ 72. Kb5 Qb4+ 73. Kc6 Qa4+ 74. Kc7 Qxe8 75. Qxe8) 67... Kh6 68. Bd8 Nc2+ 69. Kb2 Nb4 70. Qh5+ Kg7 {[#]} 71. Bf6+ $1 {[%mdl 512] Precision: White = 51%, Black = 39%.} 1-0

[Event "SRB-ch Men Semifinal 2019"]
[Site "Kragujevac"]
[Date "2019.03.10"]
[Round "5.10"]
[White "Rihterovic, Milan"]
[Black "Cabarkapa, Novak"]
[Result "0-1"]
[WhiteElo "2263"]
[BlackElo "2443"]
[Annotator "TA"]
[PlyCount "62"]
[EventDate "2019.03.08"]
[EventType "swiss"]
[EventCountry "SRB"]
[SourceTitle "playchess.com"]
[Source "ChessBase"]
[SourceQuality "1"]

{[%evp 9,62,10,6,-4,33,-4,0,0,0,0,0,2,49,-24,-33,-33,-32,-34,-27,-65,-69,-102,-46,-168,-165,-173,-166,-338,-288,-358,-354,-362,-358,-356,-354,-361,-357,-358,-358,-350,-340,-489,-491,-536,-527,-547,-543,-537,-537,-521,-537,-527,-518,-568,-557]} 1. d4 a6 2. Nf3 (2. e4 e6 3. Nf3 d5 4. Nbd2 Nf6 5. e5 Nfd7 6. Bd3 c5 7. c3 Nc6 8. O-O g5 9. dxc5 g4 10. Nd4 Ndxe5 11. N2b3 Nxd3 12. Qxd3 e5 13. Re1 Bg7 14. Nxc6 bxc6 15. Nd4 Qf6 {½-½ (43) Sokolov,I (2625)-Bauer,C (2630) Maastricht 2017}) 2... e6 3. Bg5 Be7 4. Bxe7 Qxe7 5. c3 Nf6 $146 ({Predecessor:} 5... f5 6. Nbd2 Nf6 7. Qc2 d5 8. e3 Nc6 9. Be2 Bd7 {1-0 (57) Hamdouchi,A (2235)-Berechet,O (2199) Bucharest 2000}) 6. Nbd2 {A40: Unusual replies to 1 d4} d6 7. e3 e5 8. Qc2 {The position is equal.} e4 9. Ng1 c5 10. Ne2 Nc6 11. Ng3 ({White should try} 11. dxc5 $14 dxc5 12. Ng3) 11... d5 $11 12. Be2 h5 13. h4 Bg4 14. Bxg4 Nxg4 15. a3 Qf6 (15... g6 $17 16. dxc5 Nce5 17. Qa4+ Kf8) 16. Ndxe4 (16. Ndf1 $15) 16... dxe4 $19 17. Nxe4 {[#]} Qg6 $1 18. dxc5 $2 (18. Rc1 {might work better.}) 18... O-O 19. O-O-O Rfe8 20. Nd6 Qxc2+ 21. Kxc2 Nxf2 22. Nxe8 Rxe8 23. Rhe1 Nxd1 24. Kxd1 {[%mdl 4096] Endgame KRN-KR} Re4 25. Kc2 (25. Ke2 {was necessary.}) 25... Rxh4 {Black is clearly winning.} 26. b4 Kf8 27. Kb3 Ke7 28. Rd1 Rg4 29. Rd2 Rg3 30. a4 Ne5 31. b5 a5 {Precision: White = 28%, Black = 84%.} 0-1

[Event "SRB-ch Men Semifinal 2019"]
[Site "Kragujevac"]
[Date "2019.03.11"]
[Round "6.5"]
[White "Ivic, Velimir"]
[Black "Rabrenovic, Vladan"]
[Result "1-0"]
[WhiteElo "2487"]
[BlackElo "2322"]
[Annotator "TA"]
[PlyCount "51"]
[EventDate "2019.03.08"]
[EventType "swiss"]
[EventCountry "SRB"]
[SourceTitle "playchess.com"]
[Source "ChessBase"]
[SourceQuality "1"]

{[%evp 16,51,0,0,64,19,11,26,68,46,99,102,93,95,223,227,478,477,561,554,558,557,558,555,550,539,521,362,358,348,463,420,411,408,397,330,496,487]} 1. e4 e5 2. Nf3 Nc6 3. Bb5 Nf6 4. O-O Nxe4 5. d4 Nd6 6. dxe5 Nxb5 7. a4 Nbd4 8. Nxd4 Nxd4 9. Qxd4 d6 {C67: Ruy Lopez: Berlin Defence: 4 0-0 Nxe4} ({Black should try} 9... d5 $1 $11) (9... d5 10. exd6 Qxd6 11. Qe4+ Qe6 12. Qd4 Qd6 13. Qe4+ Qe6 14. Qd4 Qd6 {½-½ (14) Vallejo Pons,F (2713)-Andreikin,D (2723) Porto Carras 2018}) 10. Re1 Be6 11. Nc3 $146 ({Predecessor:} 11. Qb4 Qc8 12. Qc3 d5 13. Qg3 Qd7 14. Nd2 Bf5 15. c3 h6 16. Nf3 c5 17. Be3 {1-0 (45) Hirneise,T (2472)-Lewtak,D (2411) Legnica 2018}) 11... Be7 {White has an edge.} 12. exd6 Qxd6 (12... Bf6 $14 13. Qb4 O-O) 13. Qxg7 $16 O-O-O 14. Bg5 $36 {[%mdl 2048] White has strong initiative.} Qc6 {[#]} (14... Bxg5 $16 {might work better.} 15. Qxg5 Rhg8) 15. Nb5 $1 $18 {[%cal Rb5a7]} ({But not} 15. Bxe7 Rhg8) 15... Qd5 $2 (15... Qc5) 16. Qc3 {[%csl Gb5][%cal Rc3c7]} ({Resist} 16. Bxe7 Rhg8 $18) 16... c6 17. Bxe7 Rhg8 {[%csl Gg8][%cal Rd5g2]} 18. g3 Bh3 {[%csl Gh3][%cal Rd5g2] [#]} 19. f3 Qd2 20. Qxd2 Rxd2 21. Nc3 Rg2+ 22. Kh1 Re8 23. Bg5 Rxe1+ 24. Rxe1 Rf2 25. Be3 Rxf3 (25... Rxc2 {was worth a try.} 26. Re2 Rxe2 27. Nxe2 b6) 26. Bxa7 1-0

[Event "SRB-ch Men Semifinal 2019"]
[Site "Kragujevac"]
[Date "2019.03.11"]
[Round "6.6"]
[White "Kovacevic, Aleksandar"]
[Black "Zajic, Milan"]
[Result "1/2-1/2"]
[WhiteElo "2494"]
[BlackElo "2485"]
[Annotator "TA"]
[PlyCount "45"]
[EventDate "2019.03.08"]
[EventType "swiss"]
[EventCountry "SRB"]
[SourceTitle "playchess.com"]
[Source "ChessBase"]
[SourceQuality "1"]

{[%evp 16,26,28,25,35,38,44,35,31,28,45,30,36]} 1. e4 e5 2. Nf3 Nc6 3. Bb5 a6 4. Ba4 Nf6 5. O-O Be7 6. d3 d6 7. c3 O-O 8. Nbd2 {[%cal Bb1d2,Bd2f1,Bf1g3][%mdl 32]} b5 9. Bc2 Bb7 {C77: Ruy Lopez: 3...a6 4 Ba4 Nf6, unusual lines} (9... d5 10. d4 exd4 11. e5 d3 12. Bxd3 Ng4 13. Qe2 f6 14. exf6 Nxf6 15. h3 Bd6 16. Re1 Re8 17. Qd1 Rxe1+ 18. Qxe1 {½-½ (43) Karjakin,S (2773)-Aronian,L (2799) Saint Louis 2017}) 10. Re1 Re8 11. Nf1 Bf8 12. Ng3 g6 13. d4 Bg7 {[#]} {Predecessor:} 14. h3 $146 h6 15. a3 Na5 16. a4 exd4 17. axb5 axb5 18. Nxd4 c6 19. b3 Nd7 20. Be3 h5 21. Nxh5 gxh5 22. Nf5 Bxc3 23. Nh6+ {1-0 (33) Gharamian,T (2624)-Grigoryan,K (2561) Lisbon 2017} 1/2-1/2

[Event "SRB-ch Men Semifinal 2019"]
[Site "Kragujevac"]
[Date "2019.03.11"]
[Round "6.7"]
[White "Damljanovic, Branko"]
[Black "Radovanovic, Mihajlo"]
[Result "1/2-1/2"]
[WhiteElo "2495"]
[BlackElo "2483"]
[Annotator "TA"]
[PlyCount "33"]
[EventDate "2019.03.08"]
[EventType "swiss"]
[EventCountry "SRB"]
[SourceTitle "playchess.com"]
[Source "ChessBase"]
[SourceQuality "1"]

{[%evp 17,33,50,43,58,42,20,14,0,0,0,47,0,0,0,0,0,0,0]} 1. d4 Nf6 2. c4 g6 3. Nc3 Bg7 4. e4 d6 5. Nf3 O-O 6. Be2 Na6 7. O-O e5 8. Re1 c6 9. Be3 Re8 {LiveBook: 6 Games. E94: King's Indian: Classical: 6 Be2 e5 7 0-0: Various Black 7th moves} (9... exd4 10. Nxd4 Re8 11. f3 Nc5 12. Bf1 a5 13. Qd2 Qe7 14. Rad1 Nfd7 15. Nde2 Be5 16. Ng3 a4 17. Bg5 Qf8 18. Bh6 Qe7 19. Bg5 Qf8 20. Bh6 Qe7 {0-1 (74) Jakovenko,D (2747)-Nenezic,M (2495) Batumi 2018}) 10. d5 Ng4 11. Bg5 Qb6 12. Rf1 Qxb2 13. Na4 Qa3 14. Bc1 {[%mdl 1024] White has compensation.} Qb4 {The position is equal.} 15. Bd2 {[#]} Qa3 $146 16. Bc1 Qb4 17. Bd2 1/2-1/2

[Event "SRB-ch Men Semifinal 2019"]
[Site "Kragujevac"]
[Date "2019.03.11"]
[Round "6.8"]
[White "Cabarkapa, Novak"]
[Black "Zlatanovic, Boroljub"]
[Result "1-0"]
[WhiteElo "2443"]
[BlackElo "2376"]
[Annotator "TA"]
[PlyCount "75"]
[EventDate "2019.03.08"]
[EventType "swiss"]
[EventCountry "SRB"]
[SourceTitle "playchess.com"]
[Source "ChessBase"]
[SourceQuality "1"]

{[%evp 9,75,64,119,119,122,110,138,105,97,77,100,103,105,91,107,110,119,115,147,130,161,169,166,113,135,106,110,105,98,91,88,90,85,79,91,80,78,30,112,15,58,31,22,18,18,0,0,0,0,0,29,0,12,16,21,20,79,75,79,74,82,79,79,72,67,71,428,413]} 1. d4 c5 2. e4 g6 3. dxc5 Bg7 (3... Qa5+ 4. c3 Qxc5 5. Nf3 Bg7 6. Na3 Nf6 7. Be3 Qa5 8. Nc4 Qc7 9. e5 Ng4 10. Bf4 b5 11. Ne3 Nxe3 12. fxe3 e6 13. Bxb5 Qb6 {½-½ (32) Nepomniachtchi,I (2705)-Guseinov,G (2649) Ashdod 2015}) 4. h4 Qa5+ 5. c3 h5 $146 (5... Qxc5 $14 6. h5 Nf6) ({Predecessor:} 5... Qxc5 6. Be3 Qc6 7. f3 Nf6 8. Na3 O-O 9. Ne2 d5 10. e5 Nfd7 11. Nd4 Qb6 {½-½ (40) Sosovicka,M (2190)-Danada,T (2244) Slovakia 2016}) 6. Be3 $16 {B21: Sicilian: 2 f4 and Morra Gambit} Nf6 7. f3 O-O 8. Nd2 {White is clearly better.} Qc7 9. Nh3 d5 10. cxd6 $1 exd6 11. Bf4 Qc6 12. Ng5 d5 13. Qb3 Na6 14. Qb5 dxe4 15. Qxc6 ({Don't play} 15. Ngxe4 Bd7 $16) ({Much less strong is} 15. fxe4 $6 Bd7 $16) 15... bxc6 16. Ngxe4 (16. Ndxe4 $18 Nd5 17. Bd6) 16... Nd5 17. Bh2 Ne3 18. Kf2 Nxf1 19. Rhxf1 f5 20. Nd6 Be6 21. Rfe1 Nc5 {[%cal Ba6c5,Bc5a4,Ba4b2][%mdl 32]} 22. Kf1 {[#] Black must now prevent Bg1.} Bd5 23. N2c4 Bf6 (23... f4 $11) 24. Bg1 (24. Re2 $16) 24... Na4 25. Bf2 Rfd8 {Threatening ...Nxb2.} 26. Bg3 Rd7 27. Ne3 (27. Re2 {seems wilder.} Rf8 28. Kg1 Be7 29. b3 Nc5 30. Rae1) 27... Nxb2 28. Nxd5 cxd5 29. Re6 $36 {[%mdl 2048] White has some pressure.} Rf8 30. Rae1 Kh7 31. Nb5 Rb7 32. Nc7 f4 (32... Bxh4 $1 $11 {remains equal.} 33. Bxh4 Rxc7) 33. Nxd5 Bxc3 34. Re7+ Rf7 {[#]} 35. Rxf7+ $1 Rxf7 36. Nxc3 fxg3 37. Ne4 {aiming for Ng5+.} Nd3 $2 {[%mdl 8192]} (37... Rc7 $16 {is a better chance.}) 38. Re3 {Precision: White = 60%, Black = 49%.} 1-0